000 01015nam a22003137a 4500
001 0000888
003 KOHA_MİRAKIL
005 20260207001223.0
007 ta
008 081212b2001 tu |||gr||||#0|||1|tur |
020 _a975471181x
_cYTL13,305
040 _aTR-BiSEU
_btur
_cTR-BiSEU
_erda
041 0 _atur
044 _ctu
050 _aPE1301.N68
_bI54 2001
245 0 _aİngilizcede isimler nouns - sıfatlar adjectives.../
_chazırlayan Bahire Şerif.
264 1 _aİstanbul :
_bFono Yayınları
_c2001
300 _a198 sayfa
336 _ametin
_btxt
_2rdacontent
337 _aaracısız
_bn
_2rdamedia
338 _acilt
_bnc
_2rdacarrier
650 0 _aEnglish language--Dependency grammar--Dictionaries.
_93442
650 0 _aEnglish language--Complement--Dictionaries.
_93443
650 0 _aEnglish language--Adjective--Dictionaries.
_93444
650 0 _aEnglish language--Noun--Dictionaries.
_93445
650 0 _aEnglish language--Verb--Dictionaries.
_93446
907 _aDil
942 _2lcc
_cBK
999 _c883
_d883